000 00964nam a22002417a 4500
003 OSt
005 20250214131138.0
008 240902b ||||| |||| 00| 0 eng d
040 _c0
082 _aDPer 658.8 J826 Winter-Fall 2019 v. 27 n. 1-4
100 _aJohnson, Jeff S.
_eauthor.
_959848
245 _aCrowdsourcing service innovation creativity :
_benvironmental influence and contingencies /
_cJeff S. Johnson, Gregory J. Fisher, and Scott B. Friend.
260 _aUSA ;
_bTaylor & Francis Group,
_cSummer 2019.
300 _avolume 27, pages 251-268,
_billustration.
500 _aJournal of Marketing Theory and Practice, vol. 27, no. 3, pages 251-268, Summer 2019.
650 0 _aEnvironmental
_916129
650 0 _aCrowdsourcing.
_965283
650 0 _aService innovation.
_965284
700 _aJohnson, Jeff S.
_eauthor.
_959848
700 _aFisher, Gregory J.
_eauthor.
_959849
700 _aFriend, Scott B.
_eauthor.
_959850
942 _2ddc
_cPER
999 _c21194
_d21194